| 000 | 00850nam a22002777a 4500 | ||
|---|---|---|---|
| 003 | CHAP | ||
| 005 | 20220329135815.0 | ||
| 008 | 971013s1990 r 00010 d | ||
| 010 | _a42532 | ||
| 011 | _a43504 | ||
| 035 | _a47640 | ||
| 040 | _cCHAP | ||
| 082 |
_a634.9016 _bK2 |
||
| 100 | 0 | 0 |
_aKerkhof, Paul. _963082 |
| 245 |
_aAgroforestry in Africa _b: a survey of project experience |
||
| 260 |
_aLondon : _bPanos, _c1990 |
||
| 300 |
_a216 p. _b: ilus. |
||
| 590 |
_aBATCH-UPD _b10 _c20130110 _lUCH01 _h2306 |
||
| 590 |
_aBATCH-UPD _b10 _c20130410 _lUCH01 _h1558 |
||
| 590 |
_aBATCH-UPD _b10 _c20130913 _lUCH01 _h2206 |
||
| 590 |
_aCONVERSION _b10 _c20130109 _lUCH01 _h1323 |
||
| 650 | 1 | 4 |
_aAgroforestería _xAfrica. _92157 |
| 901 | _aBK | ||
| 942 | _cLIBRO | ||
| 949 |
_a634.9016 K2 _bBC _cLIBRO _d33724000007977 _eLIBRO _gI.175617 _h89028 _i47640 _si _t127.92 |
||
| 999 |
_c42532 _d42532 |
||